000 00282nam a22001217a 4500
008 170616b xxu||||| |||| 00| 0 eng d
041 _aeng
080 _a94(7/8)
100 _a16
101 _aSHH
245 _aAMERICAN FOREIGN POLICY AND DIPLOMACY
_cBEMINS,S.F
942 _2udc
_cBK
999 _c17928
_d17928